000 00295nam a22001337a 4500
008 181205b xxu||||| |||| 00| 0 eng d
020 _a9780323019309
041 _aeng
080 _a610
100 _a3
101 _aSHM
245 _aThe Osler Medical Handbook
_cJohns.G
942 _2udc
_cBK
999 _c52886
_d52886